000 00796nam a2200313Ia 4500
001 1428
005 20240113233457.0
007 ta
008 050205s1967 a g b000 u asm u
020 _cHB
040 _aCoton College,Assam
041 _aasm
082 _a891.4108
_bAg 11 Ch
100 _aAgarwala, Chandrakumar.
245 0 _aChandramrit /
_cChandrakumar Agarwala.
_hTextual Documents
250 _a1st ed. /
260 _aGuwahati :
_bTarunkumar Agarwala ,
_c1967.
300 _a185p. :
_bill ;
_c21cm .
500 _a28/Ref/Ass
653 _aAssamese Poetry-Collections
653 _aMS-Assamese
653 _aRef-Assamese
653 _aG-Assamese
942 _2ddc
_cBK
999 _c1424
_d1424